La masacre en El Salvador como método de represión y terror político

Saved in:
Bibliographic Details
Corporate Author: Unidad de trabajadores de la cultura de El Salvador (UTRACES)
Format: Text
Published: San Salvador: UTRACES
Tags: Add Tag
No Tags, Be the first to tag this record!

MARC

LEADER 00000 a a2200000 04500
001 21202
003
040
090 |a 092300  
110 |a Unidad de trabajadores de la cultura de El Salvador (UTRACES)  
245 |a La masacre en El Salvador como método de represión y terror político  
260 |a San Salvador:   |b UTRACES  
300 |a 9 p.  
999 |c 12484  |d 12484